LO QUE VERDADERAMENTE DIJO LUTERO/

TRADUCCION DE: WAS LUTHER WIRKLICH SAGTE

Gardado en:
Detalles Bibliográficos
Autor Principal: Fitzer, Gottfried (autor)
Formato: Libro
Temas:
Etiquetas: Engadir etiqueta
Sen Etiquetas, Sexa o primeiro en etiquetar este rexistro!

MARC

LEADER 00000nam^a2200000^a^4500
001 000222913
005 20250521000000.0
009 20260310103959.899
035 |a 041709 
037 |a Acervo Xavier Clavigero 
082 |a 270. 6  |b FIT 
100 |a Fitzer, Gottfried  |e (autor) 
245 1 0 |a LO QUE VERDADERAMENTE DIJO LUTERO/  |c GOTTFRIED FITZER; TR. MARIA 
264 |a Madrid, España :  |b Aguilar,  |c 1972 
300 |a 195p. 
336 |a texto  |b txt  |2 rdacontenido 
337 |a sin mediación  |b n  |2 rdamedio 
338 |a volumen  |b nc  |2 rdasoporte 
520 |a TRADUCCION DE: WAS LUTHER WIRKLICH SAGTE 
649 |a XX 
650 |a Reforma -  |x Historia 
650 |a Lutero, Martín 
910 |a Fondo General 
920 |a Impresos - Libros 
930 |a Colección General 
905 |a 101 
901 |a 041709  |b IT1  |c ACC  |i 041709  |u 20250521 
902 |a https://opac.biblio.iteso.mx/vufind/Record/000222913